[Event "Sautron op 14th"]
[Site "Sautron"]
[Date "2014.10.26"]
[Round "3"]
[White "Bihari, Pascal"]
[Black "Goupil, Arnaud"]
[Result "0-1"]
[WhiteElo "1769"]
[BlackElo "2116"]
[PlyCount "34"]
[EventDate "2014.10.26"]
[EventType "swiss"]
[EventRounds "9"]
[EventCountry "FRA"]
[SourceTitle "EXT 2016"]
[Source "ChessBase"]
[SourceDate "2015.10.08"]
[SourceVersion "1"]
[SourceVersionDate "2015.10.08"]
[SourceQuality "1"]

1. e4 c5 2. Nf3 e6 3. d4 cxd4 4. Nxd4 a6 5. Be3 Nf6 6. f3 Nc6 7. a3 d5 8. Nxc6 bxc6 9. Nc3 Qc7 10. Qd2 Bd6 11. g3 Rb8 12. b3 0-0 13. Bd3 Bb7 14. 0-0 Rbd8 15. Qf2 c5 16. Bg5 Be5 17. Qe1 c4 0-1

[Event "Sautron op 14th"]
[Site "Sautron"]
[Date "2014.10.26"]
[Round "8"]
[White "Goupil, Arnaud"]
[Black "Genereau, Thierry"]
[Result "1-0"]
[WhiteElo "2116"]
[BlackElo "1855"]
[PlyCount "35"]
[EventDate "2014.10.26"]
[EventType "swiss"]
[EventRounds "9"]
[EventCountry "FRA"]
[SourceTitle "EXT 2016"]
[Source "ChessBase"]
[SourceDate "2015.10.08"]
[SourceVersion "1"]
[SourceVersionDate "2015.10.08"]
[SourceQuality "1"]

1. d4 d5 2. c4 c6 3. Nf3 Nf6 4. Nc3 dxc4 5. a4 Bf5 6. e3 e6 7. Bxc4 Bb4 8. 0-0 Nbd7 9. Qe2 Bg6 10. Nh4 Bh5 11. f3 Nd5 12. g3 Nxc3 13. bxc3 Bxc3 14. Rb1 b6 15. Ba3 c5 16. dxc5 Bf6 17. Rfd1 Rc8 18. Bb5 1-0

[Event "Sautron op 14th"]
[Site "Sautron"]
[Date "2014.10.26"]
[Round "6"]
[White "Goupil, Arnaud"]
[Black "Templier, Benoit"]
[Result "1-0"]
[WhiteElo "2116"]
[BlackElo "1687"]
[PlyCount "49"]
[EventDate "2014.10.26"]
[EventType "swiss"]
[EventRounds "9"]
[EventCountry "FRA"]
[SourceTitle "EXT 2016"]
[Source "ChessBase"]
[SourceDate "2015.10.08"]
[SourceVersion "1"]
[SourceVersionDate "2015.10.08"]
[SourceQuality "1"]

1. d4 e6 2. c4 Nf6 3. Nf3 b6 4. Nc3 Bb4 5. Bd2 Bb7 6. g3 0-0 7. Bg2 c5 8. dxc5 Bxc5 9. 0-0 Qc7 10. Bf4 Qc8 11. Nb5 d6 12. Nxd6 Bxd6 13. Qxd6 Na6 14. b3 Rd8 15. Qa3 Nc5 16. Rad1 Nce4 17. h3 Nc3 18. Rxd8+ Qxd8 19. Qb2 Nce4 20. Qc2 Qe7 21. Rd1 Qc5 22. Be3 Qh5 23. g4 Nxg4 24. hxg4 Qxg4 25. Rd7 1-0

[Event "Avoine op 29th"]
[Site "Avoine"]
[Date "2014.07.20"]
[Round "2"]
[White "Goupil, Arnaud"]
[Black "Shirazi, Kamran"]
[Result "0-1"]
[WhiteElo "2126"]
[BlackElo "2363"]
[PlyCount "124"]
[EventDate "2014.07.19"]
[EventType "swiss"]
[EventRounds "9"]
[EventCountry "FRA"]
[SourceTitle "CBM 161 Extra"]
[Source "ChessBase"]
[SourceDate "2014.08.29"]
[SourceVersion "1"]
[SourceVersionDate "2014.08.29"]
[SourceQuality "1"]

1. d4 Nf6 2. Nf3 d6 3. Bf4 c5 4. c3 Nbd7 5. e3 cxd4 6. exd4 Nh5 7. Bg5 h6 8. Be3 g6 9. Bc4 Bg7 10. Qd2 f5 11. Qc2 Ndf6 12. 0-0 a6 13. a4 d5 14. Bd3 0-0 15. Ne5 f4 16. Bc1 g5 17. f3 Bd7 18. Nd2 Be8 19. Nb3 Nd7 20. Bh7+ Kh8 21. Ng6+ Bxg6 22. Bxg6 Nhf6 23. Re1 Ne8 24. Bf5 Bf6 25. a5 Ng7 26. Bxd7 Qxd7 27. Nc5 Qc6 28. b4 Rae8 29. Bb2 e5 30. Kh1 exd4 31. cxd4 Rxe1+ 32. Rxe1 Re8 33. Qd2 Nf5 34. Rxe8+ Qxe8 35. Bc3 Kg8 36. Qd3 Nd6 37. Kg1 Kg7 38. Kf1 Qc8 39. Qe2 Kf7 40. Ke1 Qf5 41. Qd3 Qxd3 42. Nxd3 Nb5 43. Kd2 Be7 44. Nc1 Ke6 45. Nb3 Kd7 46. Kd3 Kc6 47. Bd2 Bd6 48. h4 Nc7 49. hxg5 hxg5 50. Nc5 Kb5 51. Nxb7 Bxb4 52. Bxb4 Kxb4 53. Nd8 Kxa5 54. Nf7 Ne6 55. Kc3 Ka4 56. Nd6 a5 57. Nf5 Ka3 58. g3 g4 59. fxg4 f3 60. Ne3 f2 61. Kd3 Kb3 62. Ke2 a4 0-1

[Event "Sautron op 13th"]
[Site "Sautron"]
[Date "2013.10.??"]
[Round "8"]
[White "Retailleau, Elise"]
[Black "Goupil, Arnaud"]
[Result "0-1"]
[WhiteElo "1525"]
[BlackElo "2134"]
[PlyCount "70"]
[EventDate "2013.10.26"]
[EventType "swiss"]
[EventRounds "9"]
[EventCountry "FRA"]
[SourceTitle "EXT 2016"]
[Source "ChessBase"]
[SourceDate "2015.10.08"]
[SourceVersion "1"]
[SourceVersionDate "2015.10.08"]
[SourceQuality "1"]

1. e4 c5 2. Nf3 e6 3. d4 cxd4 4. Nxd4 a6 5. Nc3 Qc7 6. a3 Nf6 7. Be2 Be7 8. 0-0 0-0 9. Be3 d6 10. f4 Nc6 11. Kh1 Bd7 12. Qe1 Nxd4 13. Bxd4 Bc6 14. Qg3 g6 15. Bd3 d5 16. exd5 Nxd5 17. Nxd5 Bxd5 18. Qh3 Rfd8 19. Bc3 Bf8 20. Rae1 Bg7 21. Bxg7 Kxg7 22. Re3 Bc4 23. Be2 Bxe2 24. Rxe2 Rd4 25. Ref2 Rad8 26. Qe3 R8d5 27. Kg1 h5 28. h3 Qd6 29. Qc3 Kh7 30. Qf3 b5 31. g4 hxg4 32. hxg4 Kg7 33. Qh3 Qc5 34. Kh1 Rd2 35. Rh2 Rxh2+ 0-1

[Event "Avoine op 28th"]
[Site "Avoine"]
[Date "2013.07.24"]
[Round "5"]
[White "Bernard, Alien"]
[Black "Goupil, Arnaud"]
[Result "1-0"]
[WhiteElo "1951"]
[BlackElo "2148"]
[PlyCount "82"]
[EventDate "2013.07.20"]
[EventType "swiss"]
[EventRounds "9"]
[EventCountry "FRA"]
[SourceTitle "CBM 155 Extra"]
[Source "ChessBase"]
[SourceDate "2013.08.26"]
[SourceVersion "1"]
[SourceVersionDate "2013.08.26"]
[SourceQuality "1"]

1. e4 c5 2. Nc3 e6 3. g3 Nc6 4. Bg2 g6 5. d3 Bg7 6. Be3 d6 7. f4 Nge7 8. Nf3 Nd4 9. 0-0 0-0 10. e5 Nef5 11. Bf2 Nxf3+ 12. Qxf3 Nd4 13. Qd1 dxe5 14. fxe5 Bxe5 15. Ne4 Rb8 16. c3 Nf5 17. Bxc5 Re8 18. Bxa7 Ra8 19. Bf2 Bd7 20. d4 Bg7 21. Nc5 Bc6 22. Nxb7 Qc7 23. Bxc6 Qxc6 24. Nc5 h5 25. b4 h4 26. Qg4 hxg3 27. hxg3 Bf6 28. Qe4 Qc7 29. Kg2 Kg7 30. g4 Rh8 31. Rh1 Nd6 32. Qf3 Nc4 33. Bg3 e5 34. Ne4 Be7 35. Raf1 f6 36. Bh4 Raf8 37. Bxf6+ Bxf6 38. Rxh8 Kxh8 39. Nxf6 Kg7 40. Nh5+ Kh7 41. Qxf8 Ne3+ 1-0

[Event "Avoine op 28th"]
[Site "Avoine"]
[Date "2013.07.23"]
[Round "4"]
[White "Goupil, Arnaud"]
[Black "Masset, Jacques"]
[Result "1/2-1/2"]
[WhiteElo "2148"]
[BlackElo "2053"]
[PlyCount "85"]
[EventDate "2013.07.20"]
[EventType "swiss"]
[EventRounds "9"]
[EventCountry "FRA"]
[SourceTitle "CBM 155 Extra"]
[Source "ChessBase"]
[SourceDate "2013.08.26"]
[SourceVersion "1"]
[SourceVersionDate "2013.08.26"]
[SourceQuality "1"]

1. d4 d5 2. Nf3 Nf6 3. c4 c6 4. Qc2 dxc4 5. Qxc4 Bf5 6. Nc3 e6 7. Qb3 Qb6 8. Qxb6 axb6 9. g3 Nbd7 10. Bg2 Bd6 11. 0-0 0-0 12. Rd1 b5 13. Nh4 Bc2 14. Rd2 Bb3 15. e4 Bb4 16. Re2 Nb6 17. e5 Bxc3 18. bxc3 Nfd5 19. Rb2 Bc4 20. Bxd5 Nxd5 21. Bd2 Ra6 22. Ng2 Rfa8 23. Ne3 Bxa2 24. Nxd5 Bxd5 25. Rxa6 Rxa6 26. Rc2 Ra1+ 27. Rc1 Ra2 28. Bg5 Kf8 29. Bd8 Ke8 30. Bb6 f6 31. exf6 gxf6 32. g4 Kf7 33. h3 Kg6 34. Bc7 Ra4 35. Bd6 Rc4 36. Bf4 h5 37. gxh5+ Kxh5 38. Kh2 Ra4 39. Kg3 Ra8 40. f3 Ra2 41. Re1 Ra3 42. Re3 Rb3 43. Bd6 1/2-1/2